Les dialogues de Michel Audiard - partie 3 - Statistiques

Statistiques générales
  • Ce quiz a été pris 10 fois
  • Le résultat moyen est 10 sur 15
Statistiques - réponses
Question Réponse % Correct
" Il avait sa bonne femme avec lui, une grande blonde avec des yeux qu'avaient l'air de rêver, pis un sourire d'enfant... Une salope quoi. Moi, je repère ça tout de suite parce que les femmes, c'est mon truc. " Bernard BLIER
100%
" La tête dure et la fesse molle... Le contraire de ce que j'aime. " Jean-Pierre MARIELLE
100%
" Dans un ménage, quand l'homme ne ramène pas un certain volume d'oseille, l'autorité devient, ni plus ni moins, d'la tyrannie… Et l'autoritaire, un simple emmerdeur prétentieux ! " Bernard BLIER
86%
" Vous avez le vin petit et la cuite mesquine. Dans le fond, vous ne méritez pas de boire !" Jean GABIN
86%
" Depuis Adam se laissant enlever une côte jusqu'à Napoléon attendant Grouchy, toutes les grandes affaires qui ont foiré étaient basées sur la confiance." Jean GABIN
86%
" Dix couples chez toi, c'est une réception… Chez moi, c'est une partouze ! Et le lendemain, si nous avons des boutons, toi, c'est le homard, moi, c'est la vérole ! " Pierre BRASSEUR
86%
" La connerie à ce point là, moi, je dis que ça devient gênant ! " André POUSSE
71%
" Mais avec votre papelard à dix sacs la rame, vous pourrez toujours vous établir marchand de papier, ou vous en servir à ce que je pense, comme ça vous liquiderez votre stock ! " Jean GABIN
71%
" C'est bien la première fois qu'il fait des étincelles avec sa bite." Marie LAFORET
71%
" C’est avec les bonnes bourgeoises qu’on fait les meilleures grues. Tous les séducteurs savent ça. " Danielle DARRIEUX
57%
" Les gastronomes disent que c'est une maison de passe et les vicelards un restaurant chinois. " Jean GABIN
57%
" Dans la vie on partage toujours la merde, jamais le pognon." Jean-Paul BELMONDO
57%
" Vous avez la gueule de travers et la mentalité biscornue, vous êtes synchrone... " Jean GABIN
43%
" Deux milliards d’impôts ! J’appelle plus ça du budget, j’appelle ça de l’attaque à main armée ! " Jean-Paul BELMONDO
29%
" C'est toi qui avais raison. À la guerre, on devrait toujours tuer les gens avant de les connaître. " Maurice BIRAUD
29%
Aucun quiz correspondant
Distribution des résultats
% des personnes avec chaque résultat
Percentile par nombre de réponses
Votre historique - résultats
Vous n’avez pas pris ce quiz